INTRODUCCION A LA PSICOLOGIA (Record no. 1775)
[ view plain ]
| 000 -LEADER | |
|---|---|
| campo de control de longitud fija | 01252nam a22002057a 4500 |
| 001 - NÚMERO DE CONTROL | |
| campo de control | 7323 |
| 005 - FECHA Y HORA DE LA ÚLTIMA TRANSACCIÓN | |
| campo de control | 20250602012213.0 |
| 008 - DATOS DE LONGITUD FIJA--INFORMACIÓN GENERAL | |
| campo de control de longitud fija | 5230202005 mx a |
| 020 ## - NÚMERO INTERNACIONAL ESTÁNDAR DEL LIBRO | |
| Número Internacional Estándar del Libro | 970-26-0646-2 |
| 082 ## - NÚMERO DE LA CLASIFICACIÓN DECIMAL DEWEY | |
| Número de clasificación | 150 |
| Número de ítem | M8311i12 |
| 100 ## - ENTRADA PRINCIPAL--NOMBRE DE PERSONA | |
| Nombre de persona | MORRIS CHARLES G |
| 245 ## - MENCIÓN DEL TÍTULO | |
| Título | INTRODUCCION A LA PSICOLOGIA |
| Mención de responsabilidad, etc. | Charles G. Moris, Albert A. Maito ; Traducción de María Elena Ortiz Salinas ; Revisión Técnica de María Fayne Esquevel Ancona ... [et al] ; Editora Leticia Gaona Figueroa. |
| 250 ## - MENCION DE EDICION | |
| Mención de edición | 12a. ed. |
| 260 ## - PUBLICACIÓN, DISTRIBUCIÓN, ETC. | |
| Lugar de publicación, distribución, etc. | México : |
| Nombre del editor, distribuidor, etc. | PEARSON EDUCACION |
| 300 ## - DESCRIPCIÓN FÍSICA | |
| Extensión | xx, 514 p. : il / 27 cm |
| Otros detalles físicos | il. |
| 500 ## - NOTA GENERAL | |
| Nota general | Adaptación al español de la obra titulada : Psichology, An Introduction, Twelth edition. |
| 505 ## - NOTA DE CONTENIDO CON FORMATO | |
| Nota de contenido con formato | 1. La Ciencia de la Psicología ... 2 2. Bases biológicas de la conducta ....46 3. Sensación y Percepción .... 92 4. Aprendizaje .... 144 5. Memoria... 184 6. Cognición y Lenguaje .... 218 7. Inteligencia y Capacidades mentales ..... 252 8. Motivación y emoción ..... 288 9. Desarrollo del ciclo vital .... 324 10. Personalidad ..... 376 11. Psicología Social .... 410 |
| 650 ## - PUNTO DE ACCESO ADICIONAL DE MATERIA--TÉRMINO DE MATERIA | |
| Término de materia o nombre geográfico como elemento de entrada | 1 PSICOLOGIA |
| 700 ## - ENTRADA AGREGADA--NOMBRE PERSONAL | |
| Nombre de persona | I MAISTO ALBERT A COAUT II ORTIZ SALINAS MARIA ELENA TR III ESQUIVEL ANCONA MARIA FAYNE REV IV GAONA FIGUEROA LETICIA EDT |
| Estatus retirado | Estado de pérdida | Estado de daño | No para préstamo | Colección | Biblioteca de origen | Biblioteca actual | Fecha de adquisición | Total de préstamos | Signatura topográfica completa | Código de barras | Visto por última vez | Copia número | Precio de reemplazo | Tipo de ítem Koha |
|---|---|---|---|---|---|---|---|---|---|---|---|---|---|---|
| Acervo general de Libros | Biblioteca Central Mons. Favio M. Rivas S. | Biblioteca Central Mons. Favio M. Rivas S. | 12/06/2014 | 1 | 150 | 000000002339 | 23/05/2025 | 1 | 23/05/2025 | Libros |
